00867nam a2200229 a 4500001001000000003000500010005001700015008004100032010001100073011001100084040000900095100003100104245015500135260004100290500006000331502006900391650002700460650002300487650002300510650003400533856007000567000111846CHAP20220329144232.0150923s2015 mx a fsm |||||||spa d a108307 a109279 cCHAP1 aMartínez Vilchis, Israel10aEstudio de impacto ambiental generado por la construcción de un Desarrollo habitacional en Queretaro /h[En línea]cpor Israel Martínez Vilchis. aChapingo, Méx. :bEl autor,c2015. aPara ver el contenido del material haga clic en la liga aTesis (Ing. Forestal) -- UACH. División de Ciencias Forestales14aEcología agrícola.14aEcología urbana.14aImpacto ambiental.14aMedio ambientexProtección. aFinding aiduhttp://10.13.5.2/tesis/sist111846.pdfzTeclea aquí